| 000 | 00805nam a2200265Ia 4500 | ||
|---|---|---|---|
| 003 | OSt | ||
| 005 | 20220924124221.0 | ||
| 006 | a|||||r|||| 00| 0 | ||
| 007 | ta | ||
| 008 | 220923b |||||||| |||| 00| 0 urd d | ||
| 020 | _c131 | ||
| 024 | _a291062 | ||
| 037 |
_b4689, 09/03/2016, Kitabi Duniya _cTextual |
||
| 040 |
_aARTS _cARTS _burd |
||
| 041 |
_2urd _aurd |
||
| 082 | _aX:517, 168P3 | ||
| 100 |
_aRobinson E. A. G. Au. _9195212 |
||
| 245 | 0 | _aEjarah | |
| 260 |
_aNew Delhi _b National Council for Urdu Language. India _c2003 |
||
| 300 |
_a351p. _ccm. |
||
| 650 |
_aMONOLOGUES _9195213 |
||
| 700 |
_a Gilani M. A. Tr. _9195214 |
||
| 942 |
_hX:517, 168P3 _cTEXL _2CC |
||
| 999 |
_c418850 _d418850 |
||